Country Flight Destinations - Algeria - Statistics

General Stats
  • This quiz has been taken 15 times
  • The average score is 13 of 32
Answer Stats
Answer % Correct
Spain
92%
France
85%
Italy
85%
Egypt
77%
Tunisia
77%
United Kingdom
77%
Niger
62%
Belgium
54%
Germany
54%
Portugal
54%
Turkey
54%
Mali
46%
Qatar
46%
Saudi Arabia
46%
Switzerland
46%
United Arab Emirates
46%
Netherlands
38%
Austria
31%
China
31%
Mauritania
31%
Burkina Faso
23%
Cameroon
15%
Canada
15%
Jordan
15%
Lebanon
15%
Russia
15%
Senegal
15%
Hungary
8%
Ivory Coast
8%
Malaysia
8%
Nigeria
8%
South Africa
8%
No matching quizzes found
Score Distribution
Percent of People with Each Score
Percentile by Number Answered
Your Score History
You have not taken this quiz